[Event "GER-chT U14 Girls"]
[Site "Regensburg"]
[Date "2014.12.29"]
[Round "6.3"]
[White "Reinbold, Sorah Marie"]
[Black "Liu, Sijia Anna"]
[Result "1-0"]
[WhiteElo "869"]
[BlackElo "1040"]
[PlyCount "65"]
[EventDate "2014.12.27"]
[EventType "team-swiss"]
[EventRounds "7"]
[EventCountry "GER"]
[SourceTitle "EXT 2016"]
[Source "ChessBase"]
[SourceDate "2015.10.08"]
[SourceVersion "1"]
[SourceVersionDate "2015.10.08"]
[SourceQuality "1"]
[WhiteTeam "Endingen"]
[BlackTeam "Stuttgart Wolfbusch"]
[WhiteTeamCountry "GER"]
[BlackTeamCountry "GER"]

1. e4 c5 2. Nf3 Nc6 3. Bc4 g6 4. 0-0 Bg7 5. Nc3 e6 6. d3 Nge7 7. Bg5 0-0 8. Re1 a6 9. a4 b6 10. e5 Bb7 11. d4 cxd4 12. Nxd4 Nxe5 13. Bb3 Re8 14. Ne4 d6 15. Bf6 d5 16. Bxe5 Bxe5 17. Ng5 Bg7 18. Ngxe6 fxe6 19. Nxe6 Qd6 20. c4 Bxb2 21. Rb1 Be5 22. a5 Qxe6 23. cxd5 Nxd5 24. Bc4 Qc6 25. Rxb6 Qxc4 26. Rxb7 Bc3 27. Rf1 Re6 28. Qb1 Qf4 29. g3 Qd6 30. Rc1 Bxa5 31. Qb2 Re1+ 32. Rxe1 Bxe1 33. Qg7# 1-0